000 01372nam a22003497a 4500
003 CHAP
005 20220329134823.0
008 971013s1973 mx r 10010 d
010 _a26491
011 _a27463
035 _a31564
040 _cCHAP
082 _a634.5
_bC5
111 0 0 _aConferencias de Productores de Nuez de la República Méxicana. Ciclo (
_n1
_d: 1973
_c: Piedras Negras, Coah.)
_926625
245 1 0 _aPonencias del ciclo de conferecnias de productores de nuez de la República Mexicana
260 _aMéxico, D. F. :
_bComisión Nacional de Fruticultura,
_c1973
300 _a158 p. :
_bgráfs., cuadros
490 _aComisión Nacional de Fruticultura. Serie técnica
_v; 10
590 _aBATCH-UPD
_b10
_c20130110
_lUCH01
_h0221
590 _aBATCH-UPD
_b10
_c20130110
_lUCH01
_h1705
590 _aBATCH-UPD
_b10
_c20130409
_lUCH01
_h2241
590 _aBATCH-UPD
_b10
_c20130410
_lUCH01
_h1052
590 _aBATCH-UPD
_b10
_c20130914
_lUCH01
_h1017
590 _aCONVERSION
_b10
_c20130109
_lUCH01
_h1315
650 1 4 _aNogal
_xCongresos.
_981548
650 1 4 _aNuez
_xCongresos.
_982177
830 0 _aComisión Nacional de Fruticultura. Serie técnica
_v; 10
_925790
901 _aBK
942 _cLIBRO
949 _a634.5 C5
_bBC
_cCONG
_d-73049
_eCONG
_h59437
_i31564
_si
949 _a634.5 C5
_bBC
_cLIBRO
_d33724002304983
_eLIBRO
_fc.2
_gDonaciØn
_h115707
_i31564
_sb
999 _c26491
_d26491